00301nam a2200121Ia 4500008004100000082001400041100001800055245002700073260001700100300000800117630002700125730002700152100122s9999 xx 000 0 und d b51476a30 aLEOKUM ARKADY aSTILL MORE TELL ME WHY bHAMLYNc1977 a399 aSTILL MORE TELL ME WHY aSTILL MORE TELL ME WHY